000 00926nmm a2200277 a 4500
001 ocm0001682917
003 TR-IsHL
005 20201028165919.0
008 171222s2012 tu tur
007 cr cn
020 _a9786054599301
035 _a1682917
_b(N$T)
050 0 4 _aPL248.A33
_bB34 2012
090 0 4 _aPL248.A33
_bB34 2012
100 1 _aAkçiçek, Melek
245 1 0 _aBahar'dan Eylül'e kadar
_h[electronic resource] /
_cMelek Akçiçek ; editör Mustafa Erdem Kafkaslıoğlu
260 _aİstanbul :
_bBilgeoğuz Yayınları,
_c2012
300 _a153 p.
650 4 _aDil ve Edebiyat
650 4 _aLanguage and Literature
650 0 _aTürk romanı
650 0 _aTurkish fiction
650 7 _aLITERARY COLLECTIONS / Middle Eastern
_2bisacsh
700 1 _aKafkaslıoğlu, Mustafa Erdem
856 4 0 _uhttp://search.ebscohost.com/login.aspx?direct=true&scope=site&db=e011xww&AN=1682917
999 _c16004
_d16004